书目信息 |
| 题名: |
毁灭与重生
|
|
| 作者: | 古川隆久 著 ;章霖 译 | |
| 分册: | ||
| 出版信息: | 杭州 浙江人民出版社 2021.09 |
|
| 页数: | 342页 | |
| 开本: | 21cm | |
| 丛书名: | ||
| 单 册: | ||
| 中图分类: | K313.45 | |
| 科图分类: | ||
| 主题词: | ||
| 电子资源: | ||
| ISBN: | 978-7-213-09944-1 | |
| 000 | 00918nam0 2200241 450 | |
| 001 | 011025153156 | |
| 005 | 20221025153156.0 | |
| 010 | @a978-7-213-09944-1@b精装@dCNY79.00 | |
| 100 | @a20201004d2021 em y0chiy0120 ea | |
| 101 | 1 | @achi@cjpn |
| 102 | @aCN@b330000 | |
| 105 | @aa z 000yy | |
| 106 | @ar | |
| 200 | 1 | @a毁灭与重生@Ahui mie yu chong sheng@e日本昭和时代(1926-1989)@f(日) 古川隆久著@g章霖译 |
| 210 | @a杭州@c浙江人民出版社@d2021.09 | |
| 215 | @a342页@c图, 照片@d21cm | |
| 300 | @a好望角昭和史 | |
| 330 | @a本书分“昭和的序幕:改元之初的日本”“混沌的时代:1926-1937年”“战争的年代:1937-1945年”“民主化与复兴:1945-1960年”“成长与成熟:1960-1989年”五个章节介绍了发生在昭和时代的日本历史面貌。 | |
| 607 | @a日本@Ari ben@x历史@z1926@x1989 | |
| 690 | @aK313.45@v5 | |
| 701 | 0 | @c(日)@a古川隆久@Agu chuan long jiu@4著 |
| 702 | 0 | @a章霖@Azhang lin@4译 |
| 905 | @a河南城建学院图书馆@dK313.45@eG441 | |
| 毁灭与重生:日本昭和时代(1926-1989)/(日) 古川隆久著/章霖译.-杭州:浙江人民出版社,2021.09 |
| 342页:图, 照片;21cm |
| 好望角昭和史 |
| ISBN 978-7-213-09944-1(精装):CNY79.00 |
| 本书分“昭和的序幕:改元之初的日本”“混沌的时代:1926-1937年”“战争的年代:1937-1945年”“民主化与复兴:1945-1960年”“成长与成熟:1960-1989年”五个章节介绍了发生在昭和时代的日本历史面貌。 |
| ● |
| 相关链接 |
|
|
|
正题名:毁灭与重生
索取号:K313.45/G441
 
预约/预借
| 序号 | 登录号 | 条形码 | 馆藏地/架位号 | 状态 | 备注 |
| 1 | 1587159 | 215871590 | 社科库309/309社科库 39排7列2层/ [索取号:K313.45/G441] | 在馆 | |
| 2 | 1587160 | 215871607 | 社科库309/309社科库 39排7列2层/ [索取号:K313.45/G441] | 在馆 |